logo

Bir Sreshtho Munshi Abdur Rouf Library
Jhenaidah Cadet College

An Introduction to the Foundations of Education / (Record no. 7006)

MARC details
000 -LEADER
fixed length control field 00679nam a22002537a 4500
001 - CONTROL NUMBER
JCCL Control Number 7006
003 - CONTROL NUMBER IDENTIFIER
JCCL marc code BD-JhCC
005 - DATE AND TIME OF LATEST TRANSACTION
control field 20180418172325.0
008 - FIXED-LENGTH DATA ELEMENTS--GENERAL INFORMATION
fixed length control field 180203b xxu||||| |||| 00| 0 eng d
020 ## - INTERNATIONAL STANDARD BOOK NUMBER
International Standard Book Number 0395358043
035 ## - SYSTEM CONTROL NUMBER
system control number (BD-JhCC)7006
040 ## - CATALOGING SOURCE
Original cataloging agency BD-JhCC
Modifying agency BD-JhCC
041 ## - LANGUAGE CODE
Language code of Book eng
082 ## - DEWEY DECIMAL CLASSIFICATION NUMBER
Classification number 370
Author mark and Year ORN 1984
100 ## - MAIN ENTRY--PERSONAL NAME
Personal name Ornstein, Allan C,
245 ## - TITLE STATEMENT
Title An Introduction to the Foundations of Education /
Statement of responsibility, etc Allan C, Ornstein, Daniel U Levine
250 ## - EDITION STATEMENT
Edition statement 3rd ed.
260 ## - PUBLICATION, DISTRIBUTION, ETC. (IMPRINT)
Place of publication, distribution, etc Boston :
Name of publisher, distributor, etc Houghton Mifflin Company,
Date of publication, distribution, etc 1984.
300 ## - PHYSICAL DESCRIPTION
Pagination 557 p. :
Other physical details ills;
Dimensions 25 cm.
650 ## - SUBJECT ADDED ENTRY--TOPICAL TERM
Topical term or geographic name as entry element Education
700 ## - ADDED ENTRY--PERSONAL NAME
Personal name Levine, Daniel U
942 ## - ADDED ENTRY ELEMENTS (KOHA)
Source of classification or shelving scheme Dewey Decimal Classification
Koha item type Books
Holdings
Source of classification or shelving scheme Damaged status Not for loan Home library Current library Shelving location Total Checkouts Full call number Barcode Date last seen Copy number Koha item type
Dewey Decimal Classification     JCC Rouf Library JCC Rouf Library General Stacks   370 ORN 1984 985 02/03/2018 C - 1 Books

JCC Library | Contacts | JCC Home

Last Update on 23 September 2017
Copyright @ 2017-2020 JCC Rouf Library
Rouf Library, Jhenidah Cadet College (JCC), Bangladesh